000
00399nam a2200145Ia 4500
008
100122s9999 xx 000 0 und d
082
_b
54591
_a
822
100
_a
चिखले सुरेश
245
_a
अकस्मात
260
_b
समाधी प्रकाशन
_c
1995
300
_a
64
630
_a
अकस्मात
730
_a
अकस्मात
942
_c
BOOK
999
_c
431412
_d
431409